000 00222nam a22001097a 4500
999 _c165135
_d165135
082 _a
_b
100 _aBacchan
245 _aSatha rangini/
_cby Bacchan.
260 _aNew Delhi:
_bRajpal,
_c
650 _a
942 _cBK